[Event "10th American Continental"]
[Site "Montevideo URU"]
[Date "2015.05.23"]
[Round "10.27"]
[White "Valenzuela Gomez, Fernando"]
[Black "Sanhueza, Cristian"]
[Result "1/2-1/2"]
[WhiteElo "2282"]
[BlackElo "2195"]
[WhiteFideId "3409392"]
[BlackFideId "116815"]
[EventDate "2015.05.15"]
[EventType "swiss"]

1. d4 Nf6 2. c4 g6 3. f3 Bg7 4. e4 d6 5. Ne2 O-O 6. Be3 c5 7. d5 e6 8. Nec3 exd5
9. cxd5 Ne8 10. Qd2 f5 11. exf5 Bxf5 12. Be2 Nd7 13. O-O a6 14. a4 Qh4 15. g4
Bxb1 16. Bg5 Qh3 17. Raxb1 Ne5 18. Bf4 g5 19. Bg3 Ng6 20. Ne4 Nf4 21. Bc4 Qh6
22. h4 gxh4 23. g5 Nh3+ 24. Kg2 Nxg5 25. Nxg5 Rf5 26. f4 hxg3 27. Rh1 Qf6 28.
Ne6 Bh6 29. Bd3 Bxf4 30. Qe2 Rxd5 31. Qg4+ Ng7 32. Nxg7 Rg5 33. Bc4+ d5 34.
Bxd5+ Rxd5 35. Nf5+ Qg5 36. Ne7+ Kf8 37. Qxg5 Rxg5 38. Rxh7 Re8 39. Re1 Re5 40.
Ng6+ Kg8 41. Rh8+ Kf7 42. Rxe5 Bxe5 43. Rxe8 Kxe8 44. Nxe5 Ke7 45. Kxg3 Ke6 46.
Kf4 Kd5 47. a5 Kd4 48. Kf5 c4 49. Ke6 c3 50. bxc3+ Kxc3 51. Kd5 Kb4 52. Nc4 Kb5
53. Kd4 Kb4 54. Kd3 Kb5 55. Kc3 Ka4 56. Nd6 1/2-1/2

[Event "10th American Continental"]
[Site "Montevideo URU"]
[Date "2015.05.23"]
[Round "10.28"]
[White "Cimer, Emmanuel"]
[Black "Menna Barreto, Felipe Kubiaki"]
[Result "0-1"]
[BlackTitle "FM"]
[WhiteElo "1982"]
[BlackElo "2271"]
[WhiteFideId "137073"]
[BlackFideId "2119757"]
[EventDate "2015.05.15"]
[EventType "swiss"]

1. e4 e6 2. Nf3 d5 3. Nc3 Nf6 4. e5 Nfd7 5. d4 c5 6. dxc5 Nc6 7. Bf4 Bxc5 8. Bd3
Qb6 9. O-O a6 10. Rb1 Be7 11. Bg3 Nc5 12. Be2 O-O 13. b4 Ne4 14. Nxe4 dxe4 15.
Nd2 Rd8 16. c3 Qc7 17. Qe1 Nxe5 18. Nxe4 f5 19. Nc5 Bxc5 20. bxc5 Qxc5 21. Bxe5
Qxe5 22. Bc4 Qxe1 23. Rfxe1 b5 24. Bxe6+ Bxe6 25. Rxe6 Kf7 26. Re5 Kf6 27. f4
Re8 28. Rbe1 Rxe5 29. Rxe5 Rc8 30. Rd5 Ke6 31. Rd3 Rc4 32. g3 Ra4 33. Rd2 Ra3
34. Rc2 Kd5 35. c4+ bxc4 36. Kf2 Kd4 37. Ke2 c3 38. Kd1 Kd3 39. Rf2 Ra4 40. Rf3+
Kd4 41. Rf2 Rb4 42. Kc1 Ke3 43. Rc2 Kd3 44. Rf2 Re4 45. Kd1 Re3 46. a4 a5 47.
Rf1 Re4 48. Rf3+ Kc4 49. h4 Kb3 0-1

[Event "10th American Continental"]
[Site "Montevideo URU"]
[Date "2015.05.23"]
[Round "10.29"]
[White "Curi, Gabriel"]
[Black "Granara Barreto, Sebastian"]
[Result "1/2-1/2"]
[WhiteTitle "FM"]
[BlackTitle "FM"]
[WhiteElo "2253"]
[BlackElo "2147"]
[WhiteFideId "3000400"]
[BlackFideId "3000494"]
[EventDate "2015.05.15"]
[EventType "swiss"]

1. d4 Nf6 2. c4 e6 3. Nc3 Bb4 4. f3 c5 5. d5 d6 6. e4 O-O 7. Bd3 Nbd7 8. Ne2
exd5 9. exd5 Bxc3+ 10. Nxc3 Re8+ 11. Be2 Ne5 12. O-O Ng6 13. Bd3 h6 14. Qc2 Ne5
15. Bd2 a6 16. Rfe1 Bd7 17. a4 Qc7 18. Ne4 Nxe4 19. Bxe4 b5 20. axb5 axb5 21.
Rxa8 Rxa8 22. cxb5 Bxb5 23. Bc3 Re8 24. f4 Ng4 25. Bh7+ Kf8 26. Rxe8+ Bxe8 27.
Be4 Qa7 28. Qd1 Nf6 29. Bf3 Qa4 30. Bxf6 1/2-1/2

[Event "10th American Continental"]
[Site "Montevideo URU"]
[Date "2015.05.23"]
[Round "10.30"]
[White "Matsuura, Frederico"]
[Black "Lopez Falcon, Jorge"]
[Result "1/2-1/2"]
[WhiteTitle "FM"]
[WhiteElo "2270"]
[BlackElo "2138"]
[WhiteFideId "2107848"]
[BlackFideId "3000850"]
[EventDate "2015.05.15"]
[EventType "swiss"]

1. d4 Nf6 2. Nf3 g6 3. c4 Bg7 4. Nc3 d5 5. Bf4 O-O 6. Rc1 c5 7. dxc5 Be6 8. Qb3
Na6 9. Qa3 dxc4 10. Ng5 Qc8 11. Nxe6 Qxe6 12. e3 Rfc8 13. b4 cxb3 14. Bxa6 b2
15. Bxb7 bxc1=Q+ 16. Qxc1 Rxc5 17. Bxa8 Qc8 18. O-O Qxa8 19. Qa3 Qc6 20. Nb1 a5
21. Nd2 Nd5 22. Nb3 Rb5 23. Rc1 Nc3 24. Kh1 Qb7 25. h3 h6 26. Rc2 g5 27. Bh2
Nxa2 28. Rc7 Rxb3 29. Qxe7 Rb1+ 30. Bg1 Qd5 31. Qe8+ Bf8 32. Rc8 Qd6 33. Rd8 Qc5
34. Rd7 Qc4 35. Rd8 Qb4 36. Rd7 Qc4 37. Rd8 Qb4 38. Rd7 Qb3 39. Rd8 Qb4 40. Rd7
Qb3 41. Rd8 Qb4 1/2-1/2

[Event "10th American Continental"]
[Site "Montevideo URU"]
[Date "2015.05.23"]
[Round "10.31"]
[White "Benoit, Rodrigo"]
[Black "Choma, Ernani Francisco"]
[Result "0-1"]
[BlackTitle "FM"]
[WhiteElo "2088"]
[BlackElo "2361"]
[WhiteFideId "3005151"]
[BlackFideId "2106922"]
[EventDate "2015.05.15"]
[EventType "swiss"]

1. e4 c5 2. Nf3 Nc6 3. Bc4 e6 4. Nc3 Nf6 5. d4 cxd4 6. Nxd4 Bb4 7. O-O O-O 8.
Nxc6 bxc6 9. e5 Nd5 10. Nxd5 cxd5 11. Bd3 f5 12. Be3 f4 13. Bd4 Qg5 14. Kh1 a5
15. Qe2 f3 16. gxf3 Qh5 17. f4 Qxe2 18. Bxe2 Rxf4 19. c3 Be7 20. Kg2 Ba6 21.
Rfe1 Bxe2 22. Rxe2 Rc8 23. Rd1 g5 24. Rc2 Kf7 25. b3 Bc5 26. Bxc5 Rxc5 27. Re1
Kg6 28. a3 Kf5 29. Ree2 Re4 30. Rxe4 dxe4 31. c4 Kxe5 32. b4 axb4 33. axb4 Rc7
34. Kf1 Rb7 35. Rb2 Kd4 36. c5 Kc3 37. Rb1 Rxb4 38. Rc1+ Kd2 39. Ra1 Rb7 40. Ra8
Rc7 41. Rh8 Rxc5 42. Rxh7 Rd5 43. Rh3 Rf5 44. Ra3 d5 45. Ra2+ Kd3 46. Ra3+ Kd4
47. Ra4+ Ke5 48. Kg2 d4 0-1

[Event "10th American Continental"]
[Site "Montevideo URU"]
[Date "2015.05.23"]
[Round "10.32"]
[White "Manzi, Luiz Antonio Bardaro"]
[Black "Disconzi da Silva, Rodrigo"]
[Result "1/2-1/2"]
[BlackTitle "IM"]
[WhiteElo "2091"]
[BlackElo "2339"]
[WhiteFideId "2102641"]
[BlackFideId "2100991"]
[EventDate "2015.05.15"]
[EventType "swiss"]

1. d4 e6 2. Nf3 c5 3. c3 Nf6 4. g3 b6 5. Bg2 Bb7 6. O-O Be7 7. Bg5 h6 8. Bxf6
Bxf6 9. Re1 O-O 10. e4 d6 11. Nbd2 Be7 12. Nc4 b5 13. Ncd2 Nd7 14. Qe2 Qb6 15.
e5 cxd4 16. exd6 Qxd6 17. Nxd4 Bxg2 18. Kxg2 b4 19. Rad1 Nf6 20. N2f3 bxc3 21.
Nb5 Qc6 22. Nxc3 Rab8 23. Rc1 Rfc8 24. Rc2 Qb7 25. Rec1 Rc5 26. Nd1 Rxc2 27.
Qxc2 Nd5 28. Qc6 Bf6 29. Qxb7 Rxb7 30. a3 g6 31. Kf1 Kg7 32. Ke2 Rb6 33. Rc2 Ne7
34. Rc7 a6 35. b4 Nd5 36. Rc5 g5 37. Nd2 Bd4 38. Rc4 Bf6 39. Rc5 Be7 40. Ra5 Rc6
41. Kd3 f5 42. Nc4 Kf6 43. Nc3 Nc7 44. Ne2 e5 45. Rxe5 Ne6 46. Rd5 Nc7 47. Rxf5+
Kxf5 48. Nd4+ Kg4 49. Nxc6 Bf8 50. Ke4 Kh3 51. Kf5 Kxh2 52. f4 Kxg3 53. fxg5
hxg5 54. Kxg5 Nb5 1/2-1/2

[Event "10th American Continental"]
[Site "Montevideo URU"]
[Date "2015.05.23"]
[Round "10.33"]
[White "Hernandez, Cristian Andres"]
[Black "Daneri, Martin"]
[Result "1-0"]
[WhiteTitle "IM"]
[BlackTitle "CM"]
[WhiteElo "2250"]
[BlackElo "2109"]
[WhiteFideId "4402308"]
[BlackFideId "104981"]
[EventDate "2015.05.15"]
[EventType "swiss"]

1. d4 e6 2. c4 f5 3. Nc3 Bb4 4. e3 Bxc3+ 5. bxc3 Nf6 6. c5 O-O 7. Nf3 b6 8. Ba3
Qe7 9. Bd3 bxc5 10. Bxc5 d6 11. Ba3 Bb7 12. O-O Nbd7 13. Nd2 c5 14. Re1 Ne4 15.
Nxe4 fxe4 16. Rb1 Bc6 17. Bb5 Bxb5 18. Rxb5 Rf5 19. Rb7 Raf8 20. Re2 Qh4 21.
Rxd7 Rxf2 22. Rd8 cxd4 23. Rxf8+ Rxf8 24. cxd4 Qg4 25. Bxd6 Rd8 26. Be5 Qf5 27.
Qf1 1-0

[Event "10th American Continental"]
[Site "Montevideo URU"]
[Date "2015.05.23"]
[Round "10.34"]
[White "Pardo, Alejandro"]
[Black "Moreira, Marcelo"]
[Result "1-0"]
[WhiteElo "2247"]
[BlackElo "2077"]
[WhiteFideId "4402880"]
[BlackFideId "3003043"]
[EventDate "2015.05.15"]
[EventType "swiss"]

1. d4 d5 2. Nf3 Nf6 3. e3 Bf5 4. c4 c6 5. Nc3 e6 6. Qb3 Qc7 7. Be2 Nbd7 8. O-O
h6 9. Bd2 Be7 10. Rac1 Qb6 11. Qxb6 axb6 12. a4 O-O 13. h3 Ne4 14. Ra1 Nxd2 15.
Nxd2 Bb4 16. Rfc1 Rfe8 17. Nf3 dxc4 18. Bxc4 e5 19. d5 Nf6 20. dxc6 bxc6 21. Na2
Bf8 22. Bb3 Be6 23. Bd1 c5 24. Nc3 Bd7 25. Be2 Bc6 26. Bb5 Bxb5 27. axb5 Bd6 28.
Ra6 Bc7 29. Rca1 Rad8 30. e4 Rd7 31. Ra8 Bb8 32. R1a6 Rb7 33. Nd2 Kh7 34. Nc4
Re6 35. Kf1 g6 36. Ra1 Kg7 37. Rd1 Re8 38. Ra6 Bc7 39. Ne3 Reb8 40. Ned5 Ne8 41.
Ne7 Rd8 42. Rxd8 Bxd8 43. Nc6 Bc7 44. Ra8 Nd6 45. b3 h5 46. Ke2 f6 47. Kd3 Kf7
48. f3 h4 49. Kc2 g5 50. Kb2 Kg7 51. Ka3 Kf7 52. Ka4 Ne8 53. Nd5 Nd6 54. Ne3 Kg7
55. Nf5+ Nxf5 56. exf5 Bd6 57. Rd8 Be7 58. Rd2 Kf7 59. Ka3 Ke8 60. Kb2 Rd7 61.
Re2 Rd1 62. Kc2 Ra1 63. Kd3 Rb1 64. Kc4 Rc1+ 65. Kd5 Rd1+ 66. Ke4 Rb1 67. Rd2
Rxb3 68. Ra2 c4 69. Ra8+ Kd7 70. Ra7+ Kd6 71. Nxe7 Rxb5 72. Ng8 Rb2 73. Ke3 1-0

[Event "10th American Continental"]
[Site "Montevideo URU"]
[Date "2015.05.23"]
[Round "10.35"]
[White "El Ters, Antouan"]
[Black "Colman, Matias"]
[Result "1/2-1/2"]
[WhiteElo "2208"]
[BlackElo "2036"]
[WhiteFideId "3000150"]
[BlackFideId "3000699"]
[EventDate "2015.05.15"]
[EventType "swiss"]

1. Nf3 Nf6 2. g3 Nc6 3. d4 d5 4. Bg2 Bf5 5. O-O e6 6. b3 Bd6 7. Bb2 O-O 8. Nbd2
Ne4 9. Nh4 Nxd2 10. Qxd2 Qf6 11. Nxf5 Qxf5 12. Rfe1 Rfd8 13. e4 Qh5 14. a3 Bf8
15. c4 dxc4 16. d5 Ne5 17. Qd1 Qxd1 18. Rexd1 Nd3 19. Bd4 exd5 20. exd5 Nc5 21.
Bxc5 Bxc5 22. bxc4 Rab8 23. a4 a5 24. Re1 Re8 25. Kf1 Kf8 26. h3 Rxe1+ 1/2-1/2

[Event "10th American Continental"]
[Site "Montevideo URU"]
[Date "2015.05.23"]
[Round "10.36"]
[White "Caceres Vasquez, Sergio"]
[Black "Fernandez, Maria Florencia"]
[Result "0-1"]
[WhiteTitle "FM"]
[BlackTitle "WIM"]
[WhiteElo "2087"]
[BlackElo "2200"]
[WhiteFideId "3402169"]
[BlackFideId "116459"]
[EventDate "2015.05.15"]
[EventType "swiss"]

1. d4 Nf6 2. c4 g6 3. Nc3 Bg7 4. e4 d6 5. f4 O-O 6. Nf3 c5 7. d5 a6 8. a4 e5 9.
fxe5 Ng4 10. exd6 f5 11. exf5 Bxf5 12. Bd3 Qxd6 13. Bxf5 Rxf5 14. Ne4 Qe7 15.
Qe2 Nd7 16. Ng3 Re8 17. Qxe7 Rxe7+ 18. Kf1 Rf8 19. Bg5 Rff7 20. Rb1 h6 21. Bc1
Nde5 22. b3 Nxf3 23. gxf3 Rxf3+ 24. Kg2 Rf2+ 25. Kh3 Ne5 26. Be3 Ra2 27. Bxc5
Rf7 28. Rhf1 g5 29. Rxf7 g4+ 0-1

[Event "10th American Continental"]
[Site "Montevideo URU"]
[Date "2015.05.23"]
[Round "10.37"]
[White "Caetano, Hugo Zanotti Mendonca"]
[Black "Beckerman, M."]
[Result "1-0"]
[WhiteElo "2199"]
[BlackElo "2025"]
[WhiteFideId "2119420"]
[BlackFideId "109070"]
[EventDate "2015.05.15"]
[EventType "swiss"]

1. d4 e6 2. c4 f5 3. Nc3 Nf6 4. Nf3 d5 5. Bf4 c6 6. e3 Be7 7. Bd3 Nbd7 8. h3 Ne4
9. O-O O-O 10. Ne5 Qe8 11. f3 Nd6 12. cxd5 exd5 13. e4 fxe4 14. fxe4 dxe4 15.
Nxe4 Nxe4 16. Bxe4 Nf6 17. Qb3+ Kh8 18. Bf3 a5 19. Rae1 a4 20. Qc4 Ra6 21. Bg5
b5 22. Qc2 Bb7 23. Be4 Nxe4 24. Bxe7 Qxe7 25. Qxe4 c5 26. Nf7+ 1-0

[Event "10th American Continental"]
[Site "Montevideo URU"]
[Date "2015.05.23"]
[Round "10.38"]
[White "Izquierdo, Daniel"]
[Black "Borgeaud Fuentes, Oscar"]
[Result "1-0"]
[WhiteTitle "FM"]
[WhiteElo "2190"]
[BlackElo "2003"]
[WhiteFideId "3000044"]
[BlackFideId "3409325"]
[EventDate "2015.05.15"]
[EventType "swiss"]

1. d4 d5 2. c4 c6 3. cxd5 cxd5 4. Nc3 Nf6 5. Bf4 a6 6. e3 Nc6 7. Bd3 e6 8. Nf3
Qb6 9. O-O Be7 10. h3 O-O 11. a3 Bd7 12. b4 Na7 13. Na4 Bxa4 14. Qxa4 Rfc8 15.
Rfc1 Nb5 16. Ne5 Nc3 17. Qb3 Nce4 18. f3 Nd6 19. Bg3 Rc7 20. Rc5 Nf5 21. Bxf5
exf5 22. Rc2 Rac8 23. Rac1 Bd6 24. Bf2 g6 25. Nd3 Rxc2 26. Rxc2 Rc6 27. Ne5 Rxc2
28. Qxc2 Qc7 29. Qxc7 Bxc7 30. Nd3 b6 31. g4 fxg4 32. hxg4 g5 33. Kg2 Kf8 34.
Bg3 Bxg3 35. Kxg3 Ne8 36. Nb2 Nd6 37. Na4 Nc4 38. e4 Ke7 39. Nc3 dxe4 40. fxe4
a5 41. bxa5 bxa5 42. a4 Ke6 43. Kf3 f6 44. Ke2 Nb2 45. Kd2 Nc4+ 46. Kd3 Nb2+ 47.
Kc2 Nc4 48. Nd5 Nd6 49. Kd3 Nb7 50. Ne3 Kd6 51. Kc4 Kc6 52. d5+ Kb6 53. Kd4 Kc7
54. Nf5 Kd7 55. Kc4 Kd8 56. Kb5 Kc7 57. Ng3 Kd7 58. Kb6 Nd6 59. Kxa5 Nc4+ 60.
Ka6 Ne3 61. Kb7 Nc4 62. Nf5 h6 63. Kb8 Kd8 64. Nxh6 Nd6 65. a5 1-0

[Event "10th American Continental"]
[Site "Montevideo URU"]
[Date "2015.05.23"]
[Round "10.39"]
[White "Sanchez Sandoval, Gonzalo"]
[Black "D Andrea, Leonardo"]
[Result "1-0"]
[WhiteElo "2187"]
[BlackElo "1984"]
[WhiteFideId "3414167"]
[BlackFideId "3005232"]
[EventDate "2015.05.15"]
[EventType "swiss"]

1. g3 Nf6 2. Bg2 g6 3. e4 d6 4. d4 Bg7 5. Nc3 Nbd7 6. Nge2 c6 7. O-O O-O 8. a4
a5 9. h3 Rb8 10. f4 e5 11. g4 h6 12. Be3 Nh7 13. Qd2 Qh4 14. Bf2 Qe7 15. Bg3 Ra8
16. Rad1 Re8 17. Rf2 exd4 18. Nxd4 Nc5 19. Nde2 f5 20. Qxd6 Qxd6 21. Rxd6 fxg4
22. Rxg6 gxh3 23. Bf3 Nf8 24. Rd6 Nfe6 25. e5 Rf8 26. Kh2 Nc7 27. Nd4 N7e6 28.
Nxe6 Bxe6 29. Ne4 Nxe4 30. Bxe4 Bf5 31. Bxf5 Rxf5 32. Kxh3 Raf8 33. Rfd2 h5 34.
c4 h4 35. Kxh4 Rxf4+ 36. Bxf4 Rxf4+ 37. Kg5 Bxe5 38. Re6 Bb8 39. Re8+ 1-0

[Event "10th American Continental"]
[Site "Montevideo URU"]
[Date "2015.05.23"]
[Round "10.40"]
[White "Izquierdo, Sebastian"]
[Black "Arcos Facio, Mateo"]
[Result "1/2-1/2"]
[BlackTitle "FM"]
[WhiteElo "2040"]
[BlackElo "2184"]
[WhiteFideId "3001610"]
[BlackFideId "3001199"]
[EventDate "2015.05.15"]
[EventType "swiss"]

1. d4 g6 2. c4 Bg7 3. Nf3 Nf6 4. g3 O-O 5. Bg2 d6 6. O-O Nbd7 7. Nc3 e5 8. dxe5
dxe5 9. e4 c6 10. Qc2 Qc7 11. b3 Re8 12. Ba3 Bf8 13. Bxf8 Nxf8 14. h3 b6 15.
Rfd1 Ne6 16. Rd2 a5 17. a3 Nc5 18. Rad1 Be6 19. Ng5 h6 20. Nxe6 Nxe6 21. Ne2
Rad8 22. Qc3 Rxd2 23. Rxd2 Nc5 24. Qe3 Rd8 25. Rxd8+ Qxd8 26. b4 axb4 27. axb4
Qd1+ 28. Kh2 Nb3 29. f4 Qd2 30. Qxb3 Qxe2 31. Qc3 Nxe4 32. Qxe5 f5 33. Qe6+ Kg7
34. Qd7+ Kg8 35. Qxc6 Kf7 36. Qc7+ Kf8 37. Qd8+ Kf7 38. Qd5+ Kf8 39. Qa8+ Ke7
40. Qa7+ Kf8 41. Qxb6 Nd2 42. Qd6+ Kg7 43. Qe7+ Kg8 44. Qc5 Kg7 45. Qe7+ Kg8 46.
Qc5 Kg7 47. Qe5+ Qxe5 48. fxe5 Nxc4 49. e6 Nb6 50. Bc6 Kf8 51. Kg2 Ke7 52. Bd7
g5 53. Kf3 Kd6 54. Be8 1/2-1/2

[Event "10th American Continental"]
[Site "Montevideo URU"]
[Date "2015.05.23"]
[Round "10.41"]
[White "Madeira, Wagner Martins"]
[Black "Cao, Jorge"]
[Result "1/2-1/2"]
[WhiteTitle "FM"]
[WhiteElo "2179"]
[BlackElo "1929"]
[WhiteFideId "2100797"]
[BlackFideId "3000109"]
[EventDate "2015.05.15"]
[EventType "swiss"]

1. Nf3 Nf6 2. g3 g6 3. Bg2 Bg7 4. O-O O-O 5. c4 d6 6. d4 c6 7. Nc3 Nbd7 8. e4 e5
9. h3 Qc7 10. Be3 Re8 11. Qc2 a6 12. b4 exd4 13. Bxd4 Ne5 14. Nxe5 dxe5 15. Be3
Be6 16. Na4 Nd7 17. Rac1 Rac8 18. c5 Rcd8 19. Nb6 Nxb6 20. cxb6 Qc8 21. Kh2 Rd7
22. a4 Qb8 23. Rfd1 Red8 24. Bf1 Bf8 25. Rxd7 Rxd7 26. b5 axb5 27. axb5 cxb5 28.
Bxb5 Rd8 29. Qc7 Bd6 30. Qxb8 Bxb8 31. Kg2 f6 32. h4 Kf7 33. Ra1 Bd6 34. Ra7 Rb8
35. Bc6 Bc8 36. Bd5+ Ke7 37. Kf3 Bb4 38. Ke2 Kd6 39. Kd3 Bc5 40. Kc4 Bxe3 41.
fxe3 Be6 42. Bxe6 Kxe6 43. g4 Kd6 44. Kb5 Ke6 45. Ra3 Rc8 46. Ra7 Rb8 47. h5 g5
48. h6 Kd6 49. Ra2 Rc8 50. Rd2+ Ke7 51. Ra2 Kd6 52. Rd2+ 1/2-1/2

[Event "10th American Continental"]
[Site "Montevideo URU"]
[Date "2015.05.23"]
[Round "10.42"]
[White "Sopko, Cassio Roberto"]
[Black "Markzon, Gregory"]
[Result "0-1"]
[BlackTitle "FM"]
[WhiteElo "1930"]
[BlackElo "2156"]
[WhiteFideId "2167867"]
[BlackFideId "2003694"]
[EventDate "2015.05.15"]
[EventType "swiss"]

1. Nf3 g6 2. c4 Bg7 3. g3 Nf6 4. Bg2 O-O 5. O-O c6 6. Nc3 d5 7. cxd5 cxd5 8. e3
Nc6 9. d4 b6 10. a3 Ba6 11. Re1 Rc8 12. Bd2 Re8 13. b4 Bc4 14. Bh3 Rc7 15. Bf1
Bxf1 16. Kxf1 e5 17. Nb5 Rce7 18. dxe5 Nxe5 19. Nbd4 Qd7 20. Kg2 Nc4 21. Bc3 Ne4
22. Qb3 h5 23. h4 Qg4 24. Nh2 Qc8 25. Bb2 Be5 26. Rac1 Nxf2 27. Kxf2 Qh3 28. Nf1
Bxg3+ 29. Nxg3 Qh2+ 0-1

[Event "10th American Continental"]
[Site "Montevideo URU"]
[Date "2015.05.23"]
[Round "10.43"]
[White "Pichuaga, Juan Pablo"]
[Black "Ibanez, Juan Rodrigo"]
[Result "1/2-1/2"]
[BlackTitle "CM"]
[WhiteElo "2141"]
[BlackElo "2059"]
[WhiteFideId "3000451"]
[BlackFideId "3002071"]
[EventDate "2015.05.15"]
[EventType "swiss"]

1. e4 e5 2. Nf3 d6 3. d4 exd4 4. Nxd4 Nf6 5. Nc3 Be7 6. Be2 O-O 7. O-O Re8 8. f4
Bf8 9. Bf3 Nbd7 10. Nb3 a5 11. a4 Nb6 12. Nd4 Nbd7 13. Nb3 Nb6 1/2-1/2

[Event "10th American Continental"]
[Site "Montevideo URU"]
[Date "2015.05.23"]
[Round "10.44"]
[White "Ibanez, Marcelo"]
[Black "Michailov, Matias"]
[Result "1-0"]
[WhiteElo "1963"]
[BlackElo "2137"]
[WhiteFideId "3002691"]
[BlackFideId "3001571"]
[EventDate "2015.05.15"]
[EventType "swiss"]

1. d4 Nf6 2. c4 g6 3. Nc3 Bg7 4. e4 d6 5. Nge2 O-O 6. f3 e5 7. Be3 c6 8. Qd2
Nbd7 9. d5 cxd5 10. cxd5 a6 11. g4 b5 12. h4 Nb6 13. Ng3 Nc4 14. Bxc4 bxc4 15.
h5 Rb8 16. O-O-O Bd7 17. g5 Nxh5 18. Nxh5 gxh5 19. Qh2 h6 20. Qxh5 Kh8 21. Rdg1
Qe7 22. g6 fxg6 23. Rxg6 Rf6 24. Bxh6 1-0

[Event "10th American Continental"]
[Site "Montevideo URU"]
[Date "2015.05.23"]
[Round "10.45"]
[White "Saralegui, Mario"]
[Black "Dornelles, Marcio Neron Camargo"]
[Result "1-0"]
[WhiteElo "2125"]
[BlackElo "1980"]
[WhiteFideId "3000419"]
[BlackFideId "2146673"]
[EventDate "2015.05.15"]
[EventType "swiss"]

1. d4 Nf6 2. Nf3 g6 3. c4 Bg7 4. Nc3 O-O 5. e4 d6 6. Be2 e5 7. Be3 Ng4 8. Bg5 f6
9. Bh4 Nc6 10. d5 Ne7 11. Nd2 f5 12. Bxg4 fxg4 13. Qc2 h6 14. f3 c6 15. O-O-O g5
16. Bg3 Ng6 17. Kb1 c5 18. Rdf1 a6 19. fxg4 Bxg4 20. Rxf8+ Qxf8 21. Nf1 Bd7 22.
Ne3 b5 23. Rf1 Nf4 24. Be1 Qe7 25. g3 Nh5 26. cxb5 axb5 27. Nf5 Bxf5 28. Rxf5 b4
29. Nd1 Nf6 30. b3 Nd7 31. Ne3 Nb6 32. Rf2 Kh7 33. Nf5 Qd7 34. Qe2 Rf8 35. g4
Bf6 36. Qf1 Nc8 37. Qh3 Bg7 38. Bd2 Qd8 39. Qf1 Ne7 40. Kc2 Ng6 41. Qa6 Rf7 42.
Be3 Bf8 43. Qf1 Nf4 44. h4 Be7 45. hxg5 Bxg5 46. Qh1 Qa5 47. Kb1 Qa6 48. Rd2 Rc7
49. Nxh6 Kg6 50. Bxf4 Bxf4 51. Qh5+ Kf6 52. g5+ Kg7 53. Nf5+ Kg8 54. Qe8+ 1-0

[Event "10th American Continental"]
[Site "Montevideo URU"]
[Date "2015.05.23"]
[Round "10.46"]
[White "Chang, Suzana"]
[Black "Andrade, Roberto Luiz Costa"]
[Result "1/2-1/2"]
[WhiteTitle "WFM"]
[BlackTitle "FM"]
[WhiteElo "2022"]
[BlackElo "2177"]
[WhiteFideId "2105985"]
[BlackFideId "2101521"]
[EventDate "2015.05.15"]
[EventType "swiss"]

1. d4 d5 2. c4 c6 3. cxd5 cxd5 4. Nc3 Nc6 5. Nf3 Nf6 6. Bf4 Qb6 7. Qb3 Qxb3 8.
axb3 Bf5 9. e3 e6 10. Bb5 Bb4 11. Ne5 O-O 12. Bxc6 bxc6 13. Nxc6 a5 14. Nxb4
axb4 1/2-1/2

[Event "10th American Continental"]
[Site "Montevideo URU"]
[Date "2015.05.23"]
[Round "10.47"]
[White "Garcia La Rosa, Lorena Estefania"]
[Black "Chemin, Justo Reinaldo"]
[Result "0-1"]
[WhiteTitle "WCM"]
[BlackTitle "FM"]
[WhiteElo "2017"]
[BlackElo "2135"]
[WhiteFideId "3901262"]
[BlackFideId "2101580"]
[EventDate "2015.05.15"]
[EventType "swiss"]

1. c4 e6 2. g3 Nf6 3. Bg2 d5 4. b3 Be7 5. Nf3 c5 6. O-O Nc6 7. Bb2 d4 8. d3 O-O
9. e3 e5 10. h3 Qc7 11. Re1 h6 12. Na3 a6 13. Nc2 Bf5 14. e4 Be6 15. Bc1 Nh7 16.
Qe2 b5 17. Kh2 Rab8 18. Kh1 Ng5 19. Nxg5 hxg5 20. Qh5 f6 21. Rf1 Bd6 22. Ne1 Qf7
23. Qxf7+ Rxf7 24. Kh2 Rfb7 25. cxb5 axb5 26. Ba3 b4 27. Bb2 Ra7 28. Nf3 Rba8
29. Nd2 Rxa2 30. Rxa2 Rxa2 31. Rb1 Na5 32. Bc1 Rc2 33. Kg1 Rc3 34. Nc4 Bxc4 35.
bxc4 Rxd3 36. Bf1 Rd1 37. Kg2 d3 38. Ra1 d2 0-1

[Event "10th American Continental"]
[Site "Montevideo URU"]
[Date "2015.05.23"]
[Round "10.49"]
[White "Acosta, Mariano USA"]
[Black "Rodriguez, Paulo Virgilio Rios"]
[Result "1-0"]
[WhiteElo "1967"]
[BlackElo "2072"]
[WhiteFideId "2008629"]
[BlackFideId "2108267"]
[EventDate "2015.05.15"]
[EventType "swiss"]

1. b3 Nf6 2. Bb2 d5 3. Nf3 c6 4. e3 Bg4 5. d4 Nbd7 6. Nbd2 e6 7. h3 Bh5 8. g4
Bg6 9. Nh4 Bd6 10. Nxg6 hxg6 11. Bg2 Qa5 12. a3 Qc7 13. c4 g5 14. b4 b5 15. c5
Be7 16. a4 a6 17. axb5 cxb5 18. Bf1 Ra7 19. Bd3 Nb8 20. Bc3 Kf8 21. Qf3 g6 22.
O-O Kg7 23. Qe2 Nc6 24. f4 gxf4 25. exf4 Qd7 26. Rae1 Raa8 27. f5 Nh7 28. Nf3
Ng5 29. h4 Nxf3+ 30. Qxf3 Bxh4 31. f6+ Kf8 32. Ra1 Qc7 33. Bxb5 Bxf6 34. Qf4
Bxd4+ 35. Bxd4 Qxf4 36. Rxf4 Nxd4 37. Rxd4 Ke7 38. Rxa6 Rab8 39. Ra7+ Kf6 40.
Be2 Ke5 41. Rd2 Rxb4 42. Rxf7 Rb1+ 43. Kf2 Rc1 44. Rc7 Rh2+ 45. Kg3 Rhh1 46. Bf3
Rc3 47. Re2+ Kf6 48. Rc6 Rf1 49. Rexe6+ Kf7 50. Rf6+ Ke7 51. Rce6+ Kd8 52. c6 d4
53. Rf8+ Kc7 54. Rxg6 d3 55. Rf7+ Kb6 56. c7+ Ka5 57. Rf5+ Kb4 58. Rb6+ Ka4 59.
Rf8 Ka5 60. Rb2 Rxf3+ 61. Kxf3 d2+ 1-0